MARC details
| 000 -LEADER |
| fixed length control field |
02312cam a2200421 4500 |
| 001 - CONTROL NUMBER |
| control field |
ABS67726 |
| 008 - FIXED-LENGTH DATA ELEMENTS--GENERAL INFORMATION |
| fixed length control field |
040505n2004 000 0 eng u |
| 035 ## - SYSTEM CONTROL NUMBER |
| System control number |
(Sirsi) u126089 |
| 100 ## - MAIN ENTRY--PERSONAL NAME |
| Personal name |
Parpworth, N. |
| 245 #4 - TITLE STATEMENT |
| Title |
The Anti-Social Behaviour Act 2003: the provisions relating to noise |
| 260 ## - PUBLICATION, DISTRIBUTION, ETC. |
| Date of publication, distribution, etc. |
2004 |
| 490 ## - SERIES STATEMENT |
| Series statement |
Journal of Planning and Environment Law |
| Volume/sequential designation |
May 2004, 541-569(19) |
| 520 ## - SUMMARY, ETC. |
| Summary, etc. |
Examines in depth the Anti-Social Behaviour Act 2003 ss40 and 42.The Act aims to give people the powers across a range of areas to tackle of anti-social behaviour in their communities. S40 confers powers on local authority chief executives to make closure orders in respect of noisy premises causing a public nuisance. S42 concerns the control of neighbourhood noise nuisance, in particular night time domestic noise. Concludes that the provisions represent a further means by which environmental health officers can tackle noisy licensed premises and domestic property and that the making of the Noise Act 1996 non-adoptive as well as removing the mandatory duty of local authorities to investigate complaints of night time noise are sensible developments. |
| 590 ## - LOCAL NOTE (RLIN) |
| Local note |
ABS |
| 590 ## - LOCAL NOTE (RLIN) |
| Local note |
ABS |
| 650 ## - SUBJECT ADDED ENTRY--TOPICAL TERM |
| Topical term or geographic name entry element |
CLOSING ORDERS |
| 650 ## - SUBJECT ADDED ENTRY--TOPICAL TERM |
| Topical term or geographic name entry element |
PUBLIC NUISANCE |
| 650 ## - SUBJECT ADDED ENTRY--TOPICAL TERM |
| Topical term or geographic name entry element |
NOISE POLLUTION |
| 650 ## - SUBJECT ADDED ENTRY--TOPICAL TERM |
| Topical term or geographic name entry element |
REGULATORY IMPACT ASSESSMENT |
| 650 ## - SUBJECT ADDED ENTRY--TOPICAL TERM |
| Topical term or geographic name entry element |
ENVIRONMENTAL HEALTH |
| 650 ## - SUBJECT ADDED ENTRY--TOPICAL TERM |
| Topical term or geographic name entry element |
R V LLOYD |
| 650 ## - SUBJECT ADDED ENTRY--TOPICAL TERM |
| Topical term or geographic name entry element |
ATTORNEY GENERAL (EX REL GLAMORGAN CC AND ANOTHER) V PYA QUARRIES LTD |
| 650 ## - SUBJECT ADDED ENTRY--TOPICAL TERM |
| Topical term or geographic name entry element |
ATTORNEY GENERAL OF BRITISH COLUMBIA (EX REL EATON) V HANEY SPEEDWAYS |
| 650 ## - SUBJECT ADDED ENTRY--TOPICAL TERM |
| Topical term or geographic name entry element |
NOISY NEIGHBOURS |
| 650 ## - SUBJECT ADDED ENTRY--TOPICAL TERM |
| Topical term or geographic name entry element |
ANTI-SOCIAL BEHAVIOUR ACT 2003 |
| 650 ## - SUBJECT ADDED ENTRY--TOPICAL TERM |
| Topical term or geographic name entry element |
LICENSING ACT 2003 |
| 650 ## - SUBJECT ADDED ENTRY--TOPICAL TERM |
| Topical term or geographic name entry element |
ANTI-SOCIAL BEHAVIOUR ACT 2003 S40 |
| 650 ## - SUBJECT ADDED ENTRY--TOPICAL TERM |
| Topical term or geographic name entry element |
ANTI-SOCIAL BEHAVIOUR ACT 2003 S41 |
| 650 ## - SUBJECT ADDED ENTRY--TOPICAL TERM |
| Topical term or geographic name entry element |
ANTI-SOCIAL BEHAVIOUR ACT 2003 S42 |
| 650 ## - SUBJECT ADDED ENTRY--TOPICAL TERM |
| Topical term or geographic name entry element |
ANTI-SOCIAL BEHAVIOUR ACT 2003 S47 |
| 650 ## - SUBJECT ADDED ENTRY--TOPICAL TERM |
| Topical term or geographic name entry element |
CRIME AND DISORDER ACT 1998 |
| 650 ## - SUBJECT ADDED ENTRY--TOPICAL TERM |
| Topical term or geographic name entry element |
NOISE ACT 1996 |
| 650 ## - SUBJECT ADDED ENTRY--TOPICAL TERM |
| Topical term or geographic name entry element |
POLICE REFORM ACT 2002 |
| 690 ## - LOCAL SUBJECT ADDED ENTRY--TOPICAL TERM (OCLC, RLIN) |
| Topical term or geographic name as entry element |
ENVIRONMENT-ENVIRONMENTAL LAW |
| 856 ## - ELECTRONIC LOCATION AND ACCESS |
| Uniform Resource Identifier |
<a href="https://www.legislation.hmso.gov.uk/acts/acts2003/20030038.htm">https://www.legislation.hmso.gov.uk/acts/acts2003/20030038.htm</a> |
| Public note |
View the Anti-Social Behaviour Act 2003... |
| 856 ## - ELECTRONIC LOCATION AND ACCESS |
| Uniform Resource Identifier |
<a href="https://www.legislation.hmso.gov.uk/acts/acts2003/20030038.htm">https://www.legislation.hmso.gov.uk/acts/acts2003/20030038.htm</a> |
| Public note |
View the Anti-Social Behaviour Act 2003... |
| 942 ## - ADDED ENTRY ELEMENTS (KOHA) |
| Suppress in OPAC |
0 |